Doc. RNDr. Miloslav Khun, CSc., päťdesiatročný

Bibliographic Details
Main Authors: Ďurža, Ondrej, 1950- (Author), Veselský, J. (Author)
Format: Article
Language:Slovak
PhysicalDescription:Fotogr. 1, lit. 30 zázn.
ISSN:0369-2086
Subjects:

MARC

LEADER 00000nab a2200000 a 4500
001 vtls000639416
003 SK-MaSNL
005 20260304094706.0
008 250425c1997 xo 0 slo
015 |a SNBRB19rr/mm-uuuuu 
035 |a CL0639555 
035 |a (urnnbn)urn:nbn:sk:snk:ar-005lc1 
035 |a (uuid)0c5a7dec-1a6e-45f5-8b0a-3e6a6e8a2873 
035 |a urn:nbn:sk:snk-ab810m 
040 |a SNKBUCL  |b slo  |c SNKBUCL  |e AACR2 
041 0 |a slo 
044 |a xo  |c SK 
080 |a 55-051  |2 1981 
080 |a 378.124  |2 1981 
080 |a 929 Khun, Oto  |2 1981 
100 1 |a Ďurža, Ondrej,  |d 1950-  |4 aut  |9 110344 
245 1 0 |a Doc. RNDr. Miloslav Khun, CSc., päťdesiatročný  |c O. Ďurža, J. Veselský 
300 |b Fotogr. 1, lit. 30 zázn. 
600 1 7 |a Khun, Miloslav,  |d 1947-  |2 snkbucl  |9 17702 
655 7 |a články z novín a časopisov  |2 snkbucl  |9 267496 
700 1 |a Veselský, J.  |4 aut  |9 805372 
773 0 |t Mineralia slovaca  |g Roč. 29, č. 4-5 (1997)  |g S. 36-37  |x 0369-2086  |x 0369-2086 
773 0 |t [Príl.] Geovestník  |g Roč. 29, č. 4-5 (1997)  |g S. 36-37  |x 0369-2086  |x 0369-2086 
850 |a Slovenská národná knižnica 
852 |a Slovenská národná knižnica 
954 |a odborná, vedecká literatúra pôvodná (slovenská)  |2 lita 
958 |a article9 
958 |a SK 
958 |a BX 
958 |a NB 
958 |a RK 
958 |a OND 
958 |a EUIPO 
992 |a RBX 
999 |c 2828413  |d 2830343